000 01173nam a22002657a 4500
003 DO-SdBNP
005 20220930151431.0
007 ta
008 220930b |||||||| |||| 00| 0 spa d
040 _aDO-SdBNP
_bspa
_cBNPHU
041 _hspa
082 4 _222
_a021.7
_bF356ca
111 1 _aFeria Internacional del Libro
_n(6ta:
_d2003: 24 abril al 4 mayo
_cSanto Domingo, República Dominicana)
_e,Plaza del Conservatorio,
_982465
245 1 0 _aCatálogo de expositores /
_b
246 _aSexta Feria Internacional del Libro Santo Domingo /
260 _aSanto Domingo :
_bSecretaría de Estado de Cultura,
_bDirección General de la Feria del Libro,
_c2003.
300 _a53 p.:
_bil.;
_c22 cm
500 _aDedicada a Eugenio María de Hostos. Cuba, país invitado de honor.
590 _aInventariado, 2022 / SA
611 4 _974466
_aFeria Internacional del Libro
_cSanto Domingo, República Dominicana)
_d2003 : 24 abril al 4 mayo
_xCatálogo
650 4 _953251
_aIndustria del libro
_xCatálogo
_zRepública Dominicana
650 4 _aFeria del libro
_940774
650 4 _955293
_aFeria del libro
_vExpositores
_xCatálogo
_y2003
_zRepública Dominicana
942 _2ddc
_cLBS1
999 _c52499
_d52499